书目信息 |
| 题名: |
并购工程概论
|
|
| 作者: | 胥朝阳 著 | |
| 分册: | ||
| 出版信息: | 北京 科学出版社 2009 |
|
| 页数: | 179页 | |
| 开本: | 24cm | |
| 丛书名: | ||
| 单 册: | ||
| 中图分类: | F271 | |
| 科图分类: | ||
| 主题词: | 企业合并--Qi Ye He Bing--研究 | |
| 电子资源: | ||
| ISBN: | 978-7-03-025449-8 | |
| 000 | 00867nam0 22002411 450 | |
| 001 | 349940 | |
| 005 | 20161009084741.00 | |
| 010 | @a978-7-03-025449-8@dCNY28.00 | |
| 100 | @a20091103d2009 em y0chiy50 ea | |
| 101 | 0 | @achi |
| 102 | @aCN@b110000 | |
| 105 | @ay z 000yy | |
| 106 | @ar | |
| 200 | 1 | @a并购工程概论@ABing Gou Gong Cheng Gai Lun@dEssential merger engineering@f胥朝阳著@zeng |
| 210 | @a北京@c科学出版社@d2009 | |
| 215 | @a179页@d24cm | |
| 330 | @a本书运用工程学原理,以企业并购的业务流程为逻辑主线,运用逻辑演绎与案例剖析相结合的研究方法,系统阐述了企业并购产生与发展的内在规律,构建了一个较完整的理论分析框架。 | |
| 510 | 1 | @aEssential merger engineering@zeng |
| 606 | 0 | @a企业合并@AQi Ye He Bing@x研究 |
| 690 | @aF271@v5 | |
| 701 | 0 | @a胥朝阳@AXu Chao Yang@f(1966~)@4著 |
| 801 | 0 | @aCN@bTANGWEI@20160802 |
| 905 | @b0887525-9@dF271@e1258@f5 | |
| 并购工程概论=Essential merger engineering/胥朝阳著.-北京:科学出版社,2009 |
| 179页;24cm |
| ISBN 978-7-03-025449-8:CNY28.00 |
| 本书运用工程学原理,以企业并购的业务流程为逻辑主线,运用逻辑演绎与案例剖析相结合的研究方法,系统阐述了企业并购产生与发展的内在规律,构建了一个较完整的理论分析框架。 |
| ● |
| 相关链接 |
|
|
|
|
正题名:并购工程概论
索取号:F271/1258
 
预约/预借
| 序号 | 登录号 | 条形码 | 馆藏地/架位号 | 状态 | 备注 |
| 1 | 0887525 | 208875252 | 第一样本阅览室/ [索取号:F271/1258] | 在馆 | |
| 2 | 0887526 | 208875261 | 第一借阅区/ [索取号:F271/1258] | 在馆 | |
| 3 | 0887527 | 208875270 | 第一借阅区/ [索取号:F271/1258] | 在馆 | |
| 4 | 0887528 | 208875289 | 第一借阅区/ [索取号:F271/1258] | 在馆 | |
| 5 | 0887529 | 208875298 | 密集书库-海洋学院/ [索取号:F271/1258] | 在馆 |